Geography Plate - Statistics

General Stats
  • This quiz has been taken 35 times
  • The average score is 11 of 13
Answers on the Map
Answers color-coded by a green-red scale on the quiz's map according to % correct below.
 
Answer Stats
Answer % Correct
India
100%
Brazil
97%
Iraq
97%
Sweden
97%
Ukraine
97%
Bangladesh
94%
Uzbekistan
91%
Central African Republic
78%
Gabon
78%
Serbia
78%
Albania
72%
Suriname
72%
CHEESEBURGER
47%
No matching quizzes found
Score Distribution
Percent of People with Each Score
Percentile by Number Answered
Your Score History
You have not taken this quiz